00438 2200181 4500001002100000008004100021035002000062245004600082100001700128250000600145260003700151300001200188084001400200082000800214650001000222990001200232990001200244INLIS000000000000831 ind  a0010-0524000066 aVajra Diamond In Every HeartcJenny Jusuf aJusuf, Jenny a1 aYogyakarta :bSheila/ Andic2008 a144 hlm a813 JEN v a813 aFiksi a0741262 a0741263